[Event "10th Pan-American ch"]
[Site "San Pedro de Jujuy ARG"]
[Date "1981.09.??"]
[Round "8"]
[White "Debarnot, Roberto Luis"]
[Black "Dienavorian Lacherian, Manuel"]
[Result "1-0"]
[WhiteElo "2430"]
[BlackElo "2310"]
[EventDate "1981.09.13"]
[PlyCount "77"]

1.d4 d5 2.c4 c6 3.cxd5 cxd5 4.Nc3 Nf6 5.Bf4 Nc6 6.e3 e6 7.a3 Bd6 8.Bg3 Ne4
9.Nxe4 dxe4 10.Bxd6 Qxd6 11.Qg4 O-O 12.Qxe4 e5 13.Nf3 f5 14.Bc4+ Be6 15.
Qd3 exd4 16.Nxd4 Rad8 17.O-O Nxd4 18.Qxd4 Bxc4 19.Qxc4+ Qd5 20.Qxd5+ Rxd5 
21.Rfc1 Rd2 22.Rab1 f4 23.Rc7 Rfd8 24.h3 R8d7 25.Rxd7 Rxd7 26.exf4 Rd2 27.
b4 Rd3 28.Rc1 Rxa3 29.Rc8+ Kf7 30.Rc7+ Kf6 31.Rxb7 a5 32.Rb6+ Kf7 33.bxa5 
Rxa5 34.g3 Ra3 35.Kg2 Rc3 36.h4 Rc5 37.Rd6 h5 38.Kf3 Ra5 39.Ke4 1-0

[Event "10th Pan-American ch"]
[Site "San Pedro de Jujuy ARG"]
[Date "1981.09.??"]
[Round "8"]
[White "Franco Ocampos, Zenon"]
[Black "Palacios, Antonio"]
[Result "1-0"]
[WhiteElo "2370"]
[BlackElo "2360"]
[EventDate "1981.09.13"]
[PlyCount "137"]

1.e4 c5 2.Nf3 Nc6 3.Bb5 g6 4.O-O Bg7 5.Re1 Nf6 6.e5 Nd5 7.Nc3 Nc7 8.Bxc6 
dxc6 9.h3 O-O 10.d3 Ne6 11.b3 b6 12.Bb2 h6 13.a4 a5 14.Ne4 Ra7 15.Ned2 Nf4
16.Re4 Nd5 17.Nc4 Bf5 18.Re1 Be6 19.Qd2 Rd7 20.Rad1 Nb4 21.Qc1 b5 22.Ncd2 
Qb6 23.Ba3 Rfd8 24.Qb1 Bd5 25.Rc1 f5 26.exf6 exf6 27.Re3 Bf7 28.Bxb4 cxb4 
29.Rce1 Bd5 30.Qd1 g5 31.Qe2 Bf7 32.Nf1 bxa4 33.bxa4 b3 34.cxb3 Qxb3 35.
Ng3 Rxd3 36.Re4 Bg6 37.Re7 Bf8 38.Re6 R3d6 39.Rxd6 Rxd6 40.Ne4 Re6 41.Nd4 
Rxe4 42.Nxb3 Rxe2 43.Rxe2 Bb4 44.Nd4 c5 45.Nc6 Bd3 46.Re8+ Kf7 47.Re7+ Kf8
48.Ra7 Bd2 49.Nxa5 c4 50.Nc6 Be4 51.Rc7 c3 52.Nb4 Ke8 53.Rc5 Kd7 54.a5 c2 
55.Nxc2 Bxa5 56.Rxa5 Bxc2 57.Ra2 Bf5 58.Ra7+ Ke6 59.Kh2 h5 60.g3 Be4 61.
Ra5 Bf3 62.h4 gxh4 63.gxh4 Kf7 64.Kg3 Be2 65.Kf4 Kg6 66.Ra3 Bd1 67.Ke4 Be2
68.Kd5 Kf5 69.Rg3 1-0

[Event "10th Pan-American ch"]
[Site "San Pedro de Jujuy ARG"]
[Date "1981.09.??"]
[Round "8"]
[White "Quinteros, Miguel Angel"]
[Black "Cifuentes Parada, Roberto"]
[Result "1-0"]
[WhiteElo "2520"]
[BlackElo "2380"]
[EventDate "1981.09.13"]
[PlyCount "73"]

1.c4 e6 2.g3 d5 3.Bg2 Nf6 4.Nf3 dxc4 5.Qa4+ Bd7 6.Qxc4 Bc6 7.Nc3 Nbd7 8.d4
Nb6 9.Qd3 Nbd5 10.Bg5 Be7 11.O-O Nxc3 12.bxc3 Be4 13.Qb5+ Bc6 14.Qb3 Nd5 
15.Bxe7 Nxe7 16.Rfe1 O-O 17.e4 b6 18.c4 Bb7 19.d5 exd5 20.cxd5 c6 21.Rad1 
cxd5 22.exd5 Nf5 23.d6 Qf6 24.d7 Rad8 25.Ne5 Bxg2 26.Kxg2 Ne7 27.Qa4 a6 
28.Qe4 b5 29.Qb7 Qe6 30.Qc7 Qxa2 31.Nf3 Qa3 32.Re3 Qa4 33.Rxe7 b4 34.Rde1 
g6 35.Qxd8 Rxd8 36.Re8+ Kg7 37.Rxd8 1-0

[Event "10th Pan-American ch"]
[Site "San Pedro de Jujuy ARG"]
[Date "1981.09.??"]
[Round "8"]
[White "Rubinetti, Jorge Alberto"]
[Black "Campos Moreno, Javier"]
[Result "0-1"]
[WhiteElo "2415"]
[BlackElo "2410"]
[EventDate "1981.09.13"]
[PlyCount "66"]

1.d4 Nf6 2.c4 e6 3.Nf3 b6 4.e3 Bb7 5.Bd3 Be7 6.O-O O-O 7.b3 c5 8.Bb2 cxd4 
9.exd4 d5 10.Qe2 Nc6 11.Nbd2 Nb4 12.Bb1 Re8 13.Ne5 Bf8 14.f4 g6 15.Ndf3 
Rc8 16.Ng5 Rc7 17.Qe3 Bg7 18.Qh3 Nc6 19.cxd5 Qxd5 20.Be4 Nxe4 21.Qxh7+ Kf8
22.Ba3+ Ne7 23.Nxe6+ Qxe6 24.f5 gxf5 25.Rxf5 Nf6 26.Rxf6 Bxf6 27.Rf1 Bxe5 
28.dxe5 Rc5 29.Rf6 Qd5 30.Qh6+ Kg8 31.Qg5+ Ng6 32.Rxg6+ fxg6 33.Qxg6+ Kf8 
0-1

[Event "10th Pan-American ch"]
[Site "San Pedro de Jujuy ARG"]
[Date "1981.09.??"]
[Round "9"]
[White "Campos Moreno, Javier"]
[Black "Debarnot, Roberto Luis"]
[Result "0-1"]
[WhiteElo "2410"]
[BlackElo "2430"]
[EventDate "1981.09.13"]
[PlyCount "124"]

1.d4 Nf6 2.c4 e6 3.Nc3 Bb4 4.Nf3 O-O 5.Bg5 h6 6.Bh4 g5 7.Nxg5 hxg5 8.Bxg5 
Kg7 9.e4 d6 10.f4 Qd7 11.e5 dxe5 12.fxe5 Nh7 13.Qg4 Rg8 14.Be3+ Kh8 15.Qh5
Qe8 16.Qf3 Nd7 17.Bd3 f5 18.exf6 Ndxf6 19.O-O-O Qh5 20.Qxh5 Nxh5 21.Ne4 
Be7 22.Rhg1 N5f6 23.Nf2 Ng4 24.Nxg4 Rxg4 25.h4 Bd7 26.g3 Rag8 27.Bf2 Rf8 
28.Be2 Rgg8 29.Be3 Bd6 30.g4 Bf4 31.Kd2 e5 32.dxe5 Bc6 33.Bxf4 Rxf4 34.
Rgf1 Rd4+ 35.Kc3 Re4 36.Rde1 Rxe5 37.g5 Rge8 38.Kd2 Kg7 39.Rf2 Rf8 40.Ref1
Rxf2 41.Rxf2 Nf8 42.Bd3 Ne6 43.Rf6 Be8 44.Rf5 Rxf5 45.Bxf5 Nd4 46.Bg4 Bf7 
47.b3 Kg6 48.c5 Nf5 49.Bf3 c6 50.Bg4 Nxh4 51.Bc8 b5 52.cxb6 axb6 53.Kc3 
Nf5 54.a4 Nd6 55.Bd7 Be8 56.Bxe8+ Nxe8 57.Kd4 Kf5 58.b4 Nc7 59.g6 Kxg6 60.
Ke5 c5 61.a5 bxa5 62.bxa5 Kf7 0-1

[Event "10th Pan-American ch"]
[Site "San Pedro de Jujuy ARG"]
[Date "1981.09.??"]
[Round "9"]
[White "Cifuentes Parada, Roberto"]
[Black "Sunye Neto, Jaime"]
[Result "0-1"]
[WhiteElo "2380"]
[BlackElo "2475"]
[EventDate "1981.09.13"]
[PlyCount "98"]

1.d4 Nf6 2.Nf3 e6 3.Bg5 c5 4.e3 Qb6 5.Nbd2 d5 6.Bxf6 gxf6 7.c4 cxd4 8.exd4
Nc6 9.cxd5 exd5 10.Bd3 Nxd4 11.Qa4+ Nc6 12.O-O Be6 13.Bb5 Rc8 14.Nd4 Rg8 
15.Kh1 Rg4 16.f4 Bd7 17.h3 Rg7 18.Rae1+ Kd8 19.N2f3 Bc5 20.Nb3 Bb4 21.Rd1 
a6 22.Nbd4 Bd6 23.Bxc6 bxc6 24.Qc2 Bxf4 25.Nf5 Rg6 26.N3h4 Be5 27.Nxg6 
hxg6 28.Nh6 Ke7 29.Qe2 Qxb2 30.Qf3 Qc3 31.Rd3 Qc5 32.Rb3 Kf8 33.Rb7 Rd8 
34.Ng4 Bxg4 35.Qxg4 d4 36.Rd7 Rxd7 37.Qxd7 Kg7 38.Qg4 Qc4 39.Qf3 c5 40.a3 
Qc2 41.h4 c4 42.h5 gxh5 43.Qxh5 c3 44.Kg1 Qe4 45.Qd1 Qe3+ 46.Rf2 d3 47.
Qg4+ Qg5 48.Qc4 c2 49.Rf1 Qe3+ 0-1

[Event "10th Pan-American ch"]
[Site "San Pedro de Jujuy ARG"]
[Date "1981.09.??"]
[Round "9"]
[White "Palacios, Antonio"]
[Black "Rubinetti, Jorge Alberto"]
[Result "0-1"]
[WhiteElo "2360"]
[BlackElo "2415"]
[EventDate "1981.09.13"]
[PlyCount "66"]

1.Nf3 Nf6 2.g3 b6 3.Bg2 Bb7 4.d3 d5 5.O-O e6 6.Nbd2 Nbd7 7.c4 c5 8.cxd5 
Bxd5 9.b3 Be7 10.Bb2 O-O 11.Re1 b5 12.Rc1 Qb6 13.e4 Bb7 14.d4 Rfc8 15.Qe2 
a6 16.e5 Nd5 17.Ne4 c4 18.bxc4 bxc4 19.Ba1 Qc6 20.Bc3 Nxc3 21.Nxc3 Nb6 22.
Rb1 Rab8 23.Qc2 h6 24.a4 Qc7 25.a5 Nd5 26.Rxb7 Rxb7 27.Nxd5 exd5 28.e6 Bf6
29.Qf5 Rd8 30.Ne5 Qxa5 31.Rb1 Rxb1+ 32.Qxb1 fxe6 33.Nc6 Qb5 0-1

[Event "10th Pan-American ch"]
[Site "San Pedro de Jujuy ARG"]
[Date "1981.09.??"]
[Round "9"]
[White "Van Riemsdijk, Herman Claudius"]
[Black "Quinteros, Miguel Angel"]
[Result "1-0"]
[WhiteElo "2390"]
[BlackElo "2520"]
[EventDate "1981.09.13"]
[PlyCount "67"]

1.e4 c5 2.Nf3 d6 3.d4 cxd4 4.Nxd4 Nf6 5.Nc3 a6 6.Bg5 e6 7.Qf3 h6 8.Bxf6 
gxf6 9.O-O-O Nc6 10.Be2 Rg8 11.g3 Bd7 12.Rhe1 Nxd4 13.Rxd4 Rg5 14.Bc4 Rc8 
15.Qe2 b5 16.Bb3 Qa5 17.Qd2 Rgc5 18.Kb1 b4 19.Nd1 Qc7 20.Rxb4 a5 21.Rd4 a4
22.Rxa4 Bxa4 23.Bxa4+ Ke7 24.b4 Qb7 25.Bb3 Re5 26.Nc3 f5 27.f4 Rxe4 28.
Nxe4 fxe4 29.Qd4 d5 30.f5 Kd6 31.Rxe4 Bg7 32.Qxg7 dxe4 33.fxe6 Qxb4 34.
exf7 1-0

[Event "10th Pan-American ch"]
[Site "San Pedro de Jujuy ARG"]
[Date "1981.09.??"]
[Round "10"]
[White "Campos Moreno, Javier"]
[Black "Quinteros, Miguel Angel"]
[Result "0-1"]
[WhiteElo "2410"]
[BlackElo "2520"]
[EventDate "1981.09.13"]
[PlyCount "42"]

1.d4 c5 2.d5 Nf6 3.c4 g6 4.Nc3 Bg7 5.e4 O-O 6.Be3 d6 7.f3 e6 8.Nge2 exd5 
9.cxd5 a6 10.a4 Nh5 11.g4 Nf6 12.Ng3 Ne8 13.Bd3 Qa5 14.Ra3 Bd4 15.Bh6 Ng7 
16.Kf1 Nd7 17.f4 Nf6 18.h3 Kh8 19.Kg2 Ng8 20.Bg5 f6 21.Bh4 g5 0-1

[Event "10th Pan-American ch"]
[Site "San Pedro de Jujuy ARG"]
[Date "1981.09.??"]
[Round "10"]
[White "Debarnot, Roberto Luis"]
[Black "Franco Ocampos, Zenon"]
[Result "1/2-1/2"]
[WhiteElo "2430"]
[BlackElo "2370"]
[EventDate "1981.09.13"]
[PlyCount "52"]

1.Nf3 Nf6 2.c4 b6 3.g3 c5 4.Bg2 Bb7 5.O-O g6 6.b3 Bg7 7.Bb2 O-O 8.d4 d6 9.
Nc3 Ne4 10.Qc2 Nxc3 11.Bxc3 cxd4 12.Nxd4 Bxg2 13.Kxg2 Qd7 14.e4 Qb7 15.f3 
Nd7 16.h4 Nf6 17.Qd3 Rac8 18.Ne2 Rfd8 19.Rad1 a6 20.a4 Rd7 21.Bd4 b5 22.
cxb5 axb5 23.Qxb5 Qxb5 24.axb5 Rb7 25.Rc1 Rcb8 26.Nc3 Ne8 1/2-1/2

[Event "10th Pan-American ch"]
[Site "San Pedro de Jujuy ARG"]
[Date "1981.09.??"]
[Round "10"]
[White "Dienavorian Lacherian, Manuel"]
[Black "Sunye Neto, Jaime"]
[Result "0-1"]
[WhiteElo "2310"]
[BlackElo "2475"]
[EventDate "1981.09.13"]
[PlyCount "116"]

1.Nf3 c5 2.c3 b6 3.d4 Bb7 4.Bf4 Nf6 5.e3 g6 6.Nbd2 Bg7 7.h3 O-O 8.Bc4 d5 
9.Bd3 Nc6 10.O-O Nd7 11.Qe2 e5 12.dxe5 Ndxe5 13.Nxe5 Nxe5 14.Bxe5 Bxe5 15.
Nf3 Bg7 16.Ba6 Qc8 17.Bxb7 Qxb7 18.Rfd1 Rad8 19.Rd2 Bf6 20.Rad1 Rfe8 21.
Qb5 Re7 22.a4 a6 23.Qb3 Red7 24.Qc2 Kg7 25.b4 Qc6 26.Qb3 Rc7 27.b5 axb5 
28.axb5 Qe6 29.Qc2 Rcc8 30.Qb3 Qe4 31.Ra2 Rc7 32.Ra4 Qe6 33.Ra6 h5 34.h4 
Rd6 35.Qc2 Rcd7 36.Ra4 Rd8 37.g3 Qe8 38.Rb1 Ra8 39.Ra6 Rxa6 40.bxa6 Qa8 
41.Qd3 c4 42.Qd2 Qxa6 43.Nd4 Rd7 44.Ne2 Qa5 45.Nd4 Kh7 46.Rb5 Qa6 47.Rb1 
Qb7 48.Ne2 Be5 49.Qb2 Rd6 50.Qb5 Qc8 51.Qb2 Qf5 52.Rd1 Rf6 53.Nd4 Qg4 54.
Rf1 Bxd4 55.exd4 Rf3 56.Qxb6 Rxc3 57.Qc5 Qf3 58.Qf8 Rd3 0-1

[Event "10th Pan-American ch"]
[Site "San Pedro de Jujuy ARG"]
[Date "1981.09.??"]
[Round "10"]
[White "Palacios, Antonio"]
[Black "Van Riemsdijk, Herman Claudius"]
[Result "1-0"]
[WhiteElo "2360"]
[BlackElo "2390"]
[EventDate "1981.09.13"]
[PlyCount "82"]

1.e4 d6 2.d4 Nf6 3.Nc3 g6 4.Bg5 h6 5.Be3 Bg7 6.f3 c6 7.a4 Nbd7 8.Qd2 e5 9.
Nge2 Qa5 10.dxe5 dxe5 11.Nc1 Qd8 12.Nb3 O-O 13.O-O-O Kh7 14.g4 Qe7 15.h4 
Ng8 16.Bh3 b6 17.Qd6 Nb8 18.a5 Qb7 19.g5 h5 20.Na4 Bxh3 21.Rxh3 bxa5 22.
Rh2 Na6 23.Nc3 Rab8 24.Rhd2 Rfc8 25.Qa3 Rc7 26.Rd8 Qb4 27.Qxa5 Qxa5 28.
Nxa5 Rxd8 29.Rxd8 f6 30.Nc4 fxg5 31.Bxg5 Nc5 32.Re8 Nd7 33.Kd1 Rb7 34.b3 
Ndf6 35.Re6 c5 36.Na4 Nd7 37.Rc6 Bf8 38.Na5 Nb8 39.Rc8 Rd7+ 40.Ke2 Bd6 41.
Nc4 Be7 1-0

[Event "10th Pan-American ch"]
[Site "San Pedro de Jujuy ARG"]
[Date "1981.09.??"]
[Round "11"]
[White "Cifuentes Parada, Roberto"]
[Black "Rubinetti, Jorge Alberto"]
[Result "1-0"]
[WhiteElo "2380"]
[BlackElo "2415"]
[EventDate "1981.09.13"]
[PlyCount "75"]

1.d4 Nf6 2.Nf3 g6 3.Bg5 Bg7 4.Nbd2 h6 5.Bh4 d6 6.c3 Nbd7 7.e4 e5 8.dxe5 
dxe5 9.Be2 O-O 10.O-O Qe8 11.Re1 Nh5 12.Nc4 Nf4 13.Bf1 Nc5 14.b4 Na4 15.
Qc2 Nb6 16.Na5 g5 17.Bg3 Qe7 18.Nd2 h5 19.f3 g4 20.fxg4 hxg4 21.Ndc4 Qg5 
22.Ne3 Nh5 23.c4 Nxg3 24.hxg3 Bh6 25.Bd3 c5 26.bxc5 Qxe3+ 27.Rxe3 Bxe3+ 
28.Kf1 Bxc5 29.Ke2 f5 30.Nb3 Na4 31.Nxc5 Nxc5 32.Rh1 Rd8 33.Qc1 f4 34.Bb1 
Ne6 35.Rh5 fxg3 36.Rxe5 Kg7 37.Rh5 Rh8 38.Qc3+ 1-0

[Event "10th Pan-American ch"]
[Site "San Pedro de Jujuy ARG"]
[Date "1981.09.??"]
[Round "11"]
[White "Palacios, Antonio"]
[Black "Dienavorian Lacherian, Manuel"]
[Result "1/2-1/2"]
[WhiteElo "2360"]
[BlackElo "2310"]
[EventDate "1981.09.13"]
[PlyCount "25"]

1.e4 e6 2.d3 d5 3.Nd2 Nf6 4.Ngf3 dxe4 5.dxe4 Bc5 6.Bc4 Nc6 7.O-O e5 8.c3 
a5 9.a4 O-O 10.Qb3 Qe7 11.h3 h6 12.Re1 Nh5 13.Nf1 1/2-1/2

[Event "10th Pan-American ch"]
[Site "San Pedro de Jujuy ARG"]
[Date "1981.09.??"]
[Round "11"]
[White "Quinteros, Miguel Angel"]
[Black "Sunye Neto, Jaime"]
[Result "1-0"]
[WhiteElo "2520"]
[BlackElo "2475"]
[EventDate "1981.09.13"]
[PlyCount "43"]

1.e4 c5 2.Nf3 d6 3.d4 cxd4 4.Nxd4 Nf6 5.Nc3 a6 6.Bg5 e6 7.f4 Qb6 8.Qd2 
Qxb2 9.Rb1 Qa3 10.e5 dxe5 11.fxe5 Nfd7 12.Ne4 h6 13.Bb5 hxg5 14.Rb3 Qxa2 
15.Qc3 Nc6 16.Bxc6 bxc6 17.O-O Nxe5 18.Ne2 Qa4 19.Qxe5 Qc4 20.Rd3 f5 21.
Rxf5 Ra7 22.Rxf8+ 1-0

[Event "10th Pan-American ch"]
[Site "San Pedro de Jujuy ARG"]
[Date "1981.09.??"]
[Round "11"]
[White "Van Riemsdijk, Herman Claudius"]
[Black "Franco Ocampos, Zenon"]
[Result "0-1"]
[WhiteElo "2390"]
[BlackElo "2370"]
[EventDate "1981.09.13"]
[PlyCount "80"]

1.e4 c5 2.Nf3 Nc6 3.d4 cxd4 4.Nxd4 Nf6 5.Nc3 d6 6.Bc4 Qb6 7.Nde2 e6 8.Bb3 
Be7 9.O-O O-O 10.Ng3 a6 11.Be3 Qc7 12.f4 Na5 13.Bd4 Nc6 14.Be3 Na5 15.Qf3 
Bd7 16.Rae1 Nxb3 17.axb3 Bc6 18.Bd4 b5 19.Nh5 Nxh5 20.Qxh5 g6 21.Rf3 f5 
22.Rg3 Bf6 23.Bxf6 Rxf6 24.Qh4 Raf8 25.exf5 Rxf5 26.Rxe6 Qa7+ 27.Kh1 Qf7 
28.Qe7 Qxe7 29.Rxe7 Rxf4 30.h3 Rf2 31.Ne2 Rxg2 32.Rxg2 Rf2 33.Nf4 Rxf4 34.
Rc7 Rf1+ 35.Kh2 Bxg2 36.Kxg2 Rb1 37.Kf3 Rxb2 38.Ke4 a5 39.Kd5 a4 40.Kxd6 
axb3 0-1